00909nam a22002297a 45000010005000000030006000050050017000110080041000280200018000690400029000870500014001160820012001301000019001422450034001612600035001953000047002305050007002775200325002845210028006095210018006376500024006556793FISKH20250528141456.0250528b cb ||||| |||| 00| 0 eng d a9781740898256 aFISKHbengcFISKHdFISKH aQE521.C68 a551.21  aCoupe, Robert  aVolcanoes cby Robert Coupe  aSydney : bWeldon Owen, c2008 a32 pages : bcolor illustrations ; c23 cm aR  a"Even though the ground may seem solid and still, the earth is actually never at rest. Its surface is constantly shifting, and beneath that churns a layer of molten magma. This book erupts with sizzling information about volcanoes, their study, and some of the deadliest eruptions in history"--Provided by the publisher.8 a660 bLexile estimate 8 aR bRaz-Plus  aVolcanoes vScience